[Event "Rio de Janeiro CXG 2nd"]
[Site "Rio de Janeiro"]
[Date "2016.05.14"]
[Round "4.7"]
[White "Rodrigues, Flavio Jose"]
[Black "Almeida, Flavio Silva"]
[Result "1/2-1/2"]
[WhiteElo "1816"]
[BlackElo "1787"]
[PlyCount "107"]
[EventDate "2016.05.07"]
[EventType "swiss"]
[EventRounds "6"]
[EventCountry "BRA"]
[SourceTitle "EXT 2022"]
[Source "ChessBase"]
[SourceDate "2021.10.06"]
[SourceVersion "1"]
[SourceVersionDate "2021.10.06"]
[SourceQuality "1"]

1. e4 e5 2. Nf3 Nc6 3. Bb5 a6 4. Ba4 g6 5. 0-0 Bg7 6. d3 Nge7 7. Bg5 0-0 8. Nc3 h6 9. Bd2 d6 10. h3 Be6 11. Nh2 b5 12. Bb3 Qd7 13. Ne2 Kh7 14. c3 Bxb3 15. Qxb3 d5 16. Rad1 d4 17. c4 b4 18. Ng4 h5 19. Nh2 a5 20. Qc2 a4 21. Ra1 Ra7 22. Qd1 Rb7 23. Ng3 f5 24. exf5 Nxf5 25. Ne4 Rbb8 26. Nf3 Nd8 27. Nfg5+ Kg8 28. Nc5 Qe7 29. Nge4 Ne6 30. Nxe6 Qxe6 31. Qxa4 Qb6 32. Qb3 Qc6 33. Qd1 Nd6 34. Nxd6 cxd6 35. Qe1 Qb7 36. a3 bxa3 37. bxa3 Qb3 38. Bb4 Rfd8 39. Qd1 Qxd1 40. Rfxd1 Kf7 41. Kf1 Ke6 42. Ke2 e4 43. Ra2 Rd7 44. dxe4 Ra7 45. Rdd2 Bh6 46. Rdc2 g5 47. Kd3 Bg7 48. Re2 Rab7 49. Rab2 Be5 50. Ra2 Kd7 51. Reb2 Rc8 52. Rd2 Rbc7 53. Rdc2 Rb7 54. Rd2 1/2-1/2

[Event "Rio de Janeiro Autumn op"]
[Site "Rio de Janeiro"]
[Date "2016.03.26"]
[Round "3"]
[White "Fernandes, Silas Carvalho"]
[Black "Rodrigues, Flavio Jose"]
[Result "1/2-1/2"]
[WhiteElo "2056"]
[BlackElo "1804"]
[PlyCount "110"]
[EventDate "2016.03.25"]
[EventType "swiss"]
[EventRounds "6"]
[EventCountry "BRA"]
[SourceTitle "CBM 171 Extra"]
[Source "ChessBase"]
[SourceDate "2016.04.26"]
[SourceVersion "1"]
[SourceVersionDate "2016.04.26"]
[SourceQuality "1"]

1. e4 c5 2. Nf3 d6 3. Bb5+ Bd7 4. Bxd7+ Qxd7 5. 0-0 Nf6 6. e5 Nd5 7. b3 Nc6 8. exd6 Qxd6 9. Bb2 0-0-0 10. Na3 f6 11. d4 e6 12. Nc4 Qf4 13. Qe1 Re8 14. c3 Kb8 15. Bc1 Qc7 16. Bd2 cxd4 17. cxd4 Bb4 18. a3 Bxd2 19. Qxd2 Rd8 20. Rfe1 Rhe8 21. Rad1 Qf4 22. Qd3 g6 23. Re4 Qc7 24. g3 Re7 25. Rde1 Rde8 26. b4 Ka8 27. Ncd2 Nb8 28. Nb3 Qc3 29. Nc5 Qxd3 30. Nxd3 Nc3 31. R4e3 Nd5 32. R3e2 Nd7 33. h4 h5 34. Rc2 Kb8 35. Nc5 Nxc5 36. dxc5 Nc7 37. Nd2 Nb5 38. Nc4 Nd4 39. Rc3 Nf5 40. Rd3 e5 41. Red1 Kc8 42. Rd5 Re6 43. Kg2 R6e7 44. b5 Re6 45. a4 R6e7 46. a5 Re6 47. R1d2 R6e7 48. Kf1 Re6 49. Ke1 R6e7 50. Kd1 Re6 51. Kc2 Nd4+ 52. R5xd4 exd4 53. Nd6+ Rxd6 54. cxd6 Kd7 55. Kd3 Kxd6 1/2-1/2

[Event "Rio de Janeiro Autumn op"]
[Site "Rio de Janeiro"]
[Date "2016.03.26"]
[Round "4"]
[White "Rodrigues, Flavio Jose"]
[Black "Lagrande Reis, Virginia"]
[Result "1-0"]
[WhiteElo "1804"]
[BlackElo "1823"]
[PlyCount "101"]
[EventDate "2016.03.25"]
[EventType "swiss"]
[EventRounds "6"]
[EventCountry "BRA"]
[SourceTitle "CBM 171 Extra"]
[Source "ChessBase"]
[SourceDate "2016.04.26"]
[SourceVersion "1"]
[SourceVersionDate "2016.04.26"]
[SourceQuality "1"]

1. e4 c5 2. Nf3 Nc6 3. d4 cxd4 4. Nxd4 g6 5. Nc3 Bg7 6. Be3 d6 7. Qd2 Nf6 8. Be2 0-0 9. f3 Bd7 10. 0-0-0 Rc8 11. g4 Ne5 12. h4 Nc4 13. Bxc4 Rxc4 14. h5 Qc8 15. hxg6 fxg6 16. Bh6 Bxh6 17. Qxh6 Rxc3 18. bxc3 Qxc3 19. Kb1 Qb4+ 20. Nb3 Be8 21. Qe3 a5 22. Ka1 Bf7 23. Qd2 Qc4 24. Qd3 Qc7 25. Rd2 Rc8 26. Rhh2 a4 27. Nd4 Qa5 28. Qb5 Qc3+ 29. Qb2 Qc4 30. Rh1 Rc5 31. Rb1 e5 32. Ne2 Nd7 33. Nc1 d5 34. Qb4 Qa6 35. Qxb7 Qd6 36. Qa8+ Kg7 37. Qxa4 d4 38. Qb4 Qc7 39. Qb2 Rc3 40. Rf2 Nc5 41. Qb6 Qc8 42. Qd6 Nd7 43. Rb2 Rc6 44. Qe7 Re6 45. Qa3 Ra6 46. Qd3 Qa8 47. f4 Nc5 48. Qb5 Na4 49. Qxe5+ Rf6 50. Rb8 Qa7 51. g5 1-0

[Event "Rio de Janeiro Autumn op"]
[Site "Rio de Janeiro"]
[Date "2016.03.25"]
[Round "2"]
[White "Rodrigues, Flavio Jose"]
[Black "Pinon, Antonio Marcos"]
[Result "1-0"]
[WhiteElo "1804"]
[BlackElo "1415"]
[PlyCount "109"]
[EventDate "2016.03.25"]
[EventType "swiss"]
[EventRounds "6"]
[EventCountry "BRA"]
[SourceTitle "CBM 171 Extra"]
[Source "ChessBase"]
[SourceDate "2016.04.26"]
[SourceVersion "1"]
[SourceVersionDate "2016.04.26"]
[SourceQuality "1"]

1. e4 Nc6 2. d4 e5 3. Nf3 exd4 4. Nxd4 Nf6 5. Nxc6 bxc6 6. Bd3 Be7 7. 0-0 0-0 8. Nc3 d5 9. exd5 cxd5 10. Bg5 Be6 11. Re1 c5 12. Qf3 c4 13. Bf5 Qb6 14. Rab1 Rad8 15. Qh3 Bxf5 16. Qxf5 Rfe8 17. Bxf6 Qxf6 18. Qxf6 gxf6 19. a3 d4 20. Nb5 Bc5 21. Kf1 Rxe1+ 22. Rxe1 Rd7 23. Re8+ Kg7 24. Rc8 d3 25. cxd3 cxd3 26. Rxc5 d2 27. Nc3 d1Q+ 28. Nxd1 Rxd1+ 29. Ke2 Rd7 30. b4 Kf8 31. Rc3 Rb7 32. Rb3 a5 33. b5 a4 34. Rb4 Ke7 35. Kd3 Kd6 36. b6 Kc5 37. Kc3 f5 38. g3 f6 39. Rf4 Kc6 40. Rxa4 Rxb6 41. Kc4 Kd6 42. Rb4 Rc6+ 43. Kb5 Rc1 44. a4 Rf1 45. Rf4 Ke5 46. Kb4 h5 47. a5 h4 48. a6 h3 49. Kb5 Kd6 50. a7 Ra1 51. Ra4 Rb1+ 52. Ka6 Rb2 53. a8Q Rxf2 54. Qb8+ Ke6 55. Qb6+ 1-0